00960nam a22002417a 450000500170000001000130001702000220003003500130005203700160006504000120008108200160009310000240010924501160013326000420024927000390029130000310033050000510036165000720041265000620048494200250054699900190057195201280059020170124110236.0 aA-993554 c00.00a8170173477 aA-993554 bCen Lib/Ret aDPLbEN a751.77bSOD aSodhi, Jiwan942040 aA study of Bundi school of painting : cby Jiwan Sodhibfrom the collection of the National Museum, New Delhi / aNew DelhibAbhinav Publicationsc1999 bNew DelhiaE-37, Haus Khase110016 a235p. :c30m(Hb)bcol.ill. aIncludes bibliographical references and index  aMiniature painting, Indic -- India -- Bundi (Princely State)942041 aRajput painting -- India -- Bundi (Princely State)942042 2ddccENh751.77mSOD c134876d134876 001040718REFaLbLd2015-07-31eCen Lib/Retg0.00l0o751.77 SODpA-993554r2015-07-31 00:00:00t1v0.00w2015-07-31yEN